Toxikologie potravin : vybrané kapitoly /

Korporativní autor: Veterinární a farmaceutická univerzita Brno. Ústav veřejného veterinářství, ochrany zvířat a welfare
Další autoři: Modrá, Helena, 1969-
Jazyk: Čeština
Vydáno: Brno : Veterinární a farmaceutická univerzita Brno, 2014
Vydání: Vyd. 1.
Témata:
Fyzický popis: 85 s. : il. ; 30 cm
Knihy
Uloženo v:
LEADER 02072nam a2200445 a 4500
001 nkc20142647395
003 CZ PrNK
005 20150216082907.0
007 ta
008 141127s2014 xr a e p 000 0 cze
015 |a cnb002647395 
020 |a 978-80-7305-750-3  |q (brož.) 
035 |a (OCoLC)904579251 
040 |a OLA001  |b cze  |d ABA001 
072 7 |a 615  |x Farmacie. Farmakologie  |2 Konspekt  |9 14 
072 7 |a 37.016  |x Učební osnovy. Vyučovací předměty. Učebnice  |2 Konspekt  |9 22 
080 |a 615.9:663/664  |2 MRF 
080 |a (075.8)  |2 MRF 
245 0 0 |a Toxikologie potravin :  |b vybrané kapitoly /  |c Helena Modrá ... [et al.] 
246 1 4 |a Toxikologie potravin - vybrané kapitoly 
250 |a Vyd. 1. 
260 |a Brno :  |b Veterinární a farmaceutická univerzita Brno,  |c 2014 
300 |a 85 s. :  |b il. ;  |c 30 cm 
500 |a Nad názvem: Veterinární a farmaceutická univerzita Brno, Fakulta veterinární hygieny a ekologie, Ústav veřejného veterinářství, ochrany zvířat a welfare 
504 |a Obsahuje bibliografii 
521 8 |a Určeno pro posluchače Fakulty veterinární hygieny a ekologie 
650 0 7 |a toxikologie potravin  |7 ph561049  |2 czenas 
650 0 9 |a food toxicology  |2 eczenas 
655 7 |a učebnice vysokých škol  |7 fd133772  |2 czenas 
655 9 |a textbooks (higher)  |2 eczenas 
700 1 |a Modrá, Helena,  |d 1969-  |7 mzk2005300990  |4 aut 
710 2 |a Veterinární a farmaceutická univerzita Brno.  |b Ústav veřejného veterinářství, ochrany zvířat a welfare  |7 olak2015854247 
910 2 |a BOA001  |b 4-1336.940 
990 |a BK 
995 |a 01 
991 |b 201502  |c NOV  |e n 
996 6 |b 2610619515  |c 4-1336.940  |l MZK  |r Sklad / do 1 hodiny  |n 7  |p p.v.  |w 001485722  |u 000010  |a 1  |e BOA001  |j MZK50  |s P 
996 7 |b 2610619516  |c 4-1336.940  |l MZK  |r Sklad / do 1 hodiny  |n 0  |p p.v.  |w 001485722  |u 000020  |a 1  |e BOA001  |j MZK50  |s A 
996 7 |b 2610619517  |c 4-1336.940  |l MZK  |r Sklad / do 1 hodiny  |n 5  |p dar  |w 001485722  |u 000030  |a 1  |e BOA001  |j MZK50  |s A 
996 7 |b 2610619518  |c 4-1336.940  |l MZK  |r Sklad / do 1 hodiny  |n 9  |p dar  |w 001485722  |u 000040  |a 1  |e BOA001  |j MZK50  |s A